Patterns of intermediate consumption and productivity in the Knowledge Intensive Business Services in transition economies

Analýza vývoja Knowledge Intensive Business Services (KIBS - poznatkovo-intenzívne služby) v ČR, SR a Maďarsku a ich porovnanie so šiestimi vyspelými krajinami. Príklady medzispotreby v národných ekonomikách. Úloha KIBS ako faktora produkcie. Podiel zahraničného obchodu v KIBS.

Enregistré dans:
Détails bibliographiques
Auteur principal: Baláž, Vladimír
Format: Chapitre de livre
Langue:anglais
Sujets:
Tags: Ajouter un tag
Pas de tags, Soyez le premier à ajouter un tag!

MARC

LEADER 00000naa$a2200000$$$4500
001 0008624
005 20231102102449.6
041 0 |a eng 
044 |a SK 
245 1 0 |a Patterns of intermediate consumption and productivity in the Knowledge Intensive Business Services in transition economies  |c aut. Vladimír Baláž 
520 |a Analýza vývoja Knowledge Intensive Business Services (KIBS - poznatkovo-intenzívne služby) v ČR, SR a Maďarsku a ich porovnanie so šiestimi vyspelými krajinami. Príklady medzispotreby v národných ekonomikách. Úloha KIBS ako faktora produkcie. Podiel zahraničného obchodu v KIBS. 
610 2 0 |a medzispotreba 
610 2 0 |a produktivita 
610 2 0 |a SVE 
610 2 0 |a obchod zahraničný 
610 2 0 |a zmeny technologické 
610 2 0 |a inovácia 
610 2 0 |a priemysel 
610 2 0 |a výroba 
610 2 0 |a služby 
610 2 0 |a hodnota pridaná 
610 2 0 |a výroba hrubá 
610 2 0 |a Slovensko 
610 2 0 |a Česko 
610 2 0 |a Maďarsko 
100 1 |a Baláž, Vladimír